5HLuxD.jpg

KING HENRY VIII SENIOR AND PRIMARY SCHOOL LIBRARY OPAC

Weird and wonderful villains / (Record no. 3496)

000 -LEADER
fixed length control field 00718nam a22002177a 4500
005 - DATE AND TIME OF LATEST TRANSACTION
control field 20240129141222.0
008 - FIXED-LENGTH DATA ELEMENTS--GENERAL INFORMATION
fixed length control field 240129b ||||| |||| 00| 0 eng d
020 ## - INTERNATIONAL STANDARD BOOK NUMBER
International Standard Book Number 9785001015420
040 ## - CATALOGING SOURCE
Transcribing agency KH8
082 ## - DEWEY DECIMAL CLASSIFICATION NUMBER
Classification number 688.725 DKP
100 ## - MAIN ENTRY--PERSONAL NAME
Personal name DK Publishing
Relator term Publisher
245 ## - TITLE STATEMENT
Title Weird and wonderful villains /
Statement of responsibility, etc. DK Publishing
260 ## - PUBLICATION, DISTRIBUTION, ETC.
Place of publication, distribution, etc. New York, NY,
Name of publisher, distributor, etc. DK Publishing,
Date of publication, distribution, etc. 2018
300 ## - PHYSICAL DESCRIPTION
Extent 27 pages :
Other physical details color illustrations ;
Dimensions 24 cm
440 ## - SERIES STATEMENT/ADDED ENTRY--TITLE
Title LEGO DC Universe super heroes
520 ## - SUMMARY, ETC.
Summary, etc. "Watch out! The villains are on the loose. What chaos will they cause in Gotham City?"--Back cover
650 ## - SUBJECT ADDED ENTRY--TOPICAL TERM
Topical term or geographic name entry element Juvenile works
650 ## - SUBJECT ADDED ENTRY--TOPICAL TERM
Topical term or geographic name entry element LEGO toys
710 ## - ADDED ENTRY--CORPORATE NAME
Corporate name or jurisdiction name as entry element DK Publishing
Relator term Publisher
942 ## - ADDED ENTRY ELEMENTS (KOHA)
Source of classification or shelving scheme
Koha item type Books - Non Ficton
Holdings
Withdrawn status Lost status Source of classification or shelving scheme Damaged status Not for loan Collection code Permanent Location Current Location Shelving location Date acquired Total Checkouts Total Renewals Full call number Barcode Date due Date last seen Date last checked out Price effective from Koha item type
          Non-Fiction KH8 Primary School Library KH8 Primary School Library Non Fiction 2024-01-29 25 1 688.725 DKP KHPL000004442 2026-04-15 2026-04-07 2026-04-07 2024-01-29 Books - Non Ficton

Powered By KH8 IT Dept